Pacific storm : (Record no. 117712)
[ view plain ]
| 000 -LEADER | |
|---|---|
| fixed length control field | 00474nam a2200157Ia 4500 |
| 008 - FIXED-LENGTH DATA ELEMENTS--GENERAL INFORMATION | |
| fixed length control field | 140529s9999 xx 000 0 und d |
| 020 ## - INTERNATIONAL STANDARD BOOK NUMBER | |
| International Standard Book Number | 9789712718106 |
| 050 ## - LIBRARY OF CONGRESS CALL NUMBER | |
| Classification number | GV 1131 |
| Item number | .T736 2006 |
| 100 ## - MAIN ENTRY--PERSONAL NAME | |
| Personal name | Trinidad, Recah. |
| 245 ## - TITLE STATEMENT | |
| Title | Pacific storm : |
| Remainder of title | dispatches on Pacquiao of thePhilippines / |
| Statement of responsibility, etc | Recah Trinidad |
| 260 ## - PUBLICATION, DISTRIBUTION, ETC. (IMPRINT) | |
| Place of publication, distribution, etc | Pasig City, Philippines : |
| Name of publisher, distributor, etc | Anvil, |
| Date of publication, distribution, etc | c2006. |
| 300 ## - PHYSICAL DESCRIPTION | |
| Extent | 179 p. : |
| Other physical details | ill. ; |
| Dimensions | 21 cm. |
| 521 ## - TARGET AUDIENCE NOTE | |
| Target audience note | |
| 942 ## - ADDED ENTRY ELEMENTS (KOHA) | |
| Call number prefix | Local |
| Koha item type | Books |
| Withdrawn status | Lost status | Damaged status | Home library | Current library | Shelving location | Date acquired | Cost, normal purchase price | Total Checkouts | Full call number | Barcode | Date last seen | Price effective from | Koha item type |
|---|---|---|---|---|---|---|---|---|---|---|---|---|---|
| College Library | College Library | Filipiniana Section | 05/30/2014 | 450.00 | GV 1131 .T736 2006 | C16799 | 05/08/2018 | 05/30/2014 | Books |